[Event "Callao op"]
[Site "Callao"]
[Date "2007.08.11"]
[Round "4"]
[White "Chauca, Jose Luis Murga"]
[Black "Enriquez, Martin"]
[Result "0-1"]
[WhiteElo "2133"]
[BlackElo "2243"]
[PlyCount "148"]
[EventDate "2007.08.08"]
[EventType "swiss"]
[EventRounds "9"]
[EventCountry "PER"]
[SourceTitle "CBM 119 Extra"]
[Source "ChessBase"]
[SourceDate "2007.09.04"]
[SourceVersion "1"]
[SourceVersionDate "2007.09.04"]
[SourceQuality "1"]

1. e4 c5 2. Nf3 e6 3. d4 cxd4 4. Nxd4 a6 5. Nc3 b5 6. Bd3 Bb7 7. 0-0 Ne7 8. Kh1 Nec6 9. Nxc6 Nxc6 10. f4 Rc8 11. Be3 Na5 12. Bd4 Nc6 13. Bg1 Nb4 14. Qe2 Bc5 15. Bxc5 Rxc5 16. f5 0-0 17. Rf4 Re5 18. Qf2 exf5 19. Rxf5 Re6 20. Rf1 f6 21. a3 Nc6 22. Rh5 Re5 23. Qh4 Rxh5 24. Qxh5 Ne5 25. Qe2 Qc7 26. Nd1 g6 27. Ne3 Kg7 28. Ng4 Qc5 29. h3 Bc6 30. Nxe5 Qxe5 31. c3 Re8 32. Qf2 Re6 33. Rd1 Re7 34. Rf1 d5 35. exd5 Bxd5 36. Qf4 Qxf4 37. Rxf4 Re3 38. Rd4 Rxh3+ 39. Kg1 Rh5 40. a4 Bc6 41. Rd6 Rc5 42. g3 bxa4 43. c4 f5 44. Kf2 Kf7 45. Rd8 Re5 46. Rc8 Bb7 47. Rh8 Kg7 48. Rd8 Re7 49. Rd6 Kh6 50. Bc2 Rc7 51. Bd3 Kg5 52. Rd4 Bc6 53. Ke3 Rd7 54. Rf4 h5 55. c5 Rd5 56. Bxa6 Rxc5 57. Rb4 Re5+ 58. Kf2 Re4 59. Rb6 Bd5 60. Bd3 Re6 61. Rb5 Bb3 62. Rb4 Rc6 63. Ke3 Rc1 64. Kf2 Rd1 65. Ke2 Rh1 66. Bb5 Rh2+ 67. Ke3 Rg2 68. Be8 Rxg3+ 69. Kf2 Rg4 70. Rb6 Kh6 71. Ra6 h4 72. Rd6 Bc2 73. Bc6 Be4 74. Bxe4 Rxe4 0-1

[Event "Callao op"]
[Site "Callao"]
[Date "2007.08.11"]
[Round "5"]
[White "Enriquez, Martin"]
[Black "Luque, Willy"]
[Result "1/2-1/2"]
[WhiteElo "2243"]
[BlackElo "2077"]
[PlyCount "43"]
[EventDate "2007.08.08"]
[EventType "swiss"]
[EventRounds "9"]
[EventCountry "PER"]
[SourceTitle "CBM 119 Extra"]
[Source "ChessBase"]
[SourceDate "2007.09.04"]
[SourceVersion "1"]
[SourceVersionDate "2007.09.04"]
[SourceQuality "1"]

1. d4 Nf6 2. e3 e6 3. f4 c5 4. Nf3 b6 5. Bd3 Bb7 6. 0-0 Be7 7. c3 0-0 8. Nbd2 d6 9. Qe1 Nc6 10. Qg3 Ne8 11. Ne4 h6 12. Nf2 f5 13. e4 cxd4 14. exf5 exf5 15. Nxd4 Nxd4 16. cxd4 d5 17. Bc2 Nd6 18. Qb3 Bf6 19. Be3 Re8 20. Rfe1 Rc8 21. Rad1 Qd7 22. Bb1 1/2-1/2